000 00463nam a2200157 a 4500
001 000035573
005 20200930074437.0
008 111103s1993 ohua 000 0 spa d
020 _a0891344624
040 _aDO-SdBNP
_bspa
_cBNPHU
082 _axxx
_bW119p
100 1 _aWade, Robert,
_d1930-
_961474
245 1 0 _aPainting your vision in watercolor /
_cRobert Wade.
260 _aCincinnati, Ohio :
_bNorth Light Books,
_c1993.
300 _a135 p. :
_bil. ;
_c29 cm.
999 _c35064
_d35064